000 00658nam a2200217 a 4500
001 000037105
003 DO-SdBNP
005 20221110085718.0
007 ta
008 120214s2012 ag 000 0 spa d
040 _aDO-SdBNP
_bspa
_cBNPHU
082 _222
_axxx
_bI872i
110 _aInstituto Nacional de Pastoral.
_bEscuela de Teología Pastoral para Laicos
_969633
245 1 0 _aIntroducción al antiguo testamento /
_cP. Martín Lenk, sj
260 _aSanto Domingo :
_bPlan Nacional de Pastoral,
_c2012.
300 _a150 p. ;
_c22 cm.
590 _aInventariado, 2022 / DG
700 1 _aLenk, Martín
_963514
910 _aDG
942 _2ddc
_cLBS1
999 _c52852
_d52852